| 000 | 00498nam a22001817a 4500 | ||
|---|---|---|---|
| 003 | 0 | ||
| 005 | 20240110080221.0 | ||
| 008 | 240110b xxu||||| |||| 00| 0 eng d | ||
| 020 | _a978-0-545-34925-3 | ||
| 050 |
_aFIC _bSu966 2013 |
||
| 082 |
_aFIC _bSu966 2013 |
||
| 100 | _aSutherland, Tui T. | ||
| 245 |
_aWings of fire : the hidden kingdom _cTui T. Sutherland |
||
| 260 |
_aNew York City _bScholastic Inc. _cc2013. |
||
| 300 |
_a297 pages ; _c20cm. |
||
| 650 | _aFiction. | ||
| 942 |
_2ddc _cBK |
||
| 999 |
_c365834 _d365834 |
||